| 000 | 00653nam a2200121Ia 4500 | ||
|---|---|---|---|
| 008 | 220620s9999||||xx |||||||||||||| ||und|| | ||
| 100 | _aLahad, Kinneret | ||
| 245 | 2 |
_aA Table for One _bA Critical Reading of Singlehood, Gender and Time |
|
| 546 | _aEnglish[eng] | ||
| 650 | _aSociology||Gender||women||sociology||family||relationships||marriage||parenting||single parenting||Bachelorette||Heteronormativity||Social norm | ||
| 856 | _uhttps://library.oapen.org/bitstream/20.500.12657/31183/1/635870.pdf||https://library.oapen.org/bitstream/20.500.12657/31183/1/635870.pdf||https://library.oapen.org/bitstream/20.500.12657/31183/1/635870.pdf | ||
| 942 | _cEB | ||
| 999 |
_c34124 _d34124 |
||